[Event "C.to Provinciale VR"]
[Site "Zevio ITA"]
[Date "2014.01.19"]
[Round "2"]
[White "Jirillo, Antonio"]
[Black "Zonta, Riccardo"]
[WhiteElo "1609"]
[BlackElo "1634"]
[Result "1/2-1/2"]
[PlyCount "59"]
[EventDate "2014.01.18"]

1. Nf3 d5 2. c4 dxc4 3. e4 Nc6 4. Bxc4 e5 5. Nc3 h6 6. O-O Nf6 7. b3 a6 8. Bb2
Bd6 9. Qc2 O-O 10. a3 Re8 11. Rad1 Nd4 12. Nxd4 exd4 13. Ne2 c5 14. f3 b5 15.
Bd3 Bb7 16. f4 Nxe4 17. Ng3 Nxg3 18. hxg3 Rc8 19. Bf5 Rc7 20. Rde1 Rce7 21. Qd1
Qb6 22. Rxe7 Rxe7 23. Re1 c4 24. Rxe7 Bxe7 25. bxc4 d3+ 26. Kf1 bxc4 27. Qa1
Qc6 28. Bh3 g5 29. Qe1 Bf8 30. Qe5 1/2-1/2

[Event "C.to Provinciale VR"]
[Site "Zevio ITA"]
[Date "2014.01.19"]
[Round "2"]
[White "Leone, Cataldo"]
[Black "Cordioli, Luca"]
[WhiteElo "1619"]
[BlackElo "1738"]
[Result "0-1"]
[PlyCount "94"]
[EventDate "2014.01.18"]

1. e4 e5 2. Nf3 Nc6 3. d4 exd4 4. Nxd4 Bc5 5. Be3 Qf6 6. c3 Nge7 7. Be2 O-O 8.
O-O Bb6 9. Qd2 a6 10. Na3 d5 11. Bg5 Qd6 12. Bf4 Qd7 13. exd5 Nxd5 14. Bg3 Nxd4
15. cxd4 Nf6 16. Rfd1 Ne4 17. Qd3 Nxg3 18. hxg3 Re8 19. Bf3 Rd8 20. Nc2 Qd6 21.
Rd2 c6 22. Rad1 g6 23. g4 Be6 24. a3 Bc7 25. g3 Re8 26. d5 cxd5 27. Bxd5 Bxd5
28. Qxd5 Qb6 29. Qd4 Qe6 30. Re1 Qb3 31. Rxe8+ Rxe8 32. Qd7 Rd8 33. Nd4 Qc4 34.
Qe7 Qc1+ 35. Kg2 Qxd2 36. Nf3 Qd7 37. Qf6 Qc6 38. Qe7 Bb6 39. Qe2 Re8 40. Qd3
Qe4 41. Qd7 Qe2 42. Ng5 Qxf2+ 43. Kh3 Qf1+ 44. Kh4 Qh1+ 45. Nh3 Bd8+ 46. g5
Re4+ 47. g4 Qe1+ 0-1

[Event "C.to Provinciale VR"]
[Site "Zevio ITA"]
[Date "2014.01.19"]
[Round "2"]
[White "Mattioli, Mario"]
[Black "Benedetti, Maurizio"]
[WhiteElo "1533"]
[BlackElo "1755"]
[Result "1/2-1/2"]
[PlyCount "122"]
[EventDate "2014.01.18"]

1. d4 Nf6 2. c4 g6 3. Nc3 d5 4. Bg5 c6 5. e3 Bg7 6. Nf3 O-O 7. Bd3 dxc4 8. Bxc4
Nbd7 9. O-O h6 10. Bh4 g5 11. Bg3 Nh5 12. Nxg5 Nxg3 13. Nxf7 Rxf7 14. Bxf7+
Kxf7 15. Qf3+ Nf5 16. Qxf5+ Nf6 17. Qf4 Be6 18. Rad1 Kg8 19. h3 Qa5 20. Qg3 Nd5
21. Qg6 Bf7 22. Qc2 Nxc3 23. bxc3 Qxa2 24. Qe4 Qe6 25. Qf3 Qf6 26. Qxf6 Bxf6
27. Ra1 e5 28. Rfb1 b6 29. Rxb6 exd4 30. Rxc6 Bg7 31. cxd4 a5 32. Kf1 a4 33.
Ke2 a3 34. Kd3 Bd5 35. Rg6 a2 36. e4 Ra3+ 37. Kd2 Bxe4 38. Rg3 Rxg3 39. fxg3
Bb1 40. Kc1 Bxd4 41. Rxb1 axb1=Q+ 42. Kxb1 Kf7 43. Kc2 Ke6 44. Kd3 Ke5 45. g4
Bb6 46. h4 Bd8 47. g5 h5 48. Ke3 Kf5 49. Kf3 Be7 50. Kg3 Ke4 51. g6 Bf6 52. Kh3
Kf4 53. g3+ Kf3 54. Kh2 Bd4 55. Kh3 Be5 56. Kh2 Bxg3+ 57. Kh1 Be5 58. Kg1 Kg3
59. Kh1 Kxh4 60. Kg2 Kg5 61. Kh3 Kxg6 1/2-1/2

[Event "C.to Provinciale VR"]
[Site "Zevio ITA"]
[Date "2014.01.19"]
[Round "2"]
[White "Menini, Luca"]
[Black "Cantore, Michele"]
[WhiteElo "1689"]
[BlackElo "1440"]
[Result "1-0"]
[PlyCount "52"]
[EventDate "2014.01.18"]

1. e4 c5 2. Nf3 d6 3. d4 cxd4 4. Nxd4 Nf6 5. Nc3 Nc6 6. Be2 a6 7. Be3 e6 8. f4
Be7 9. O-O Bd7 10. Bf3 Qc7 11. Kh1 O-O-O 12. a3 h5 13. Nb3 Ng4 14. Bg1 Na5 15.
h3 Nc4 16. Qe1 g5 17. Nd2 gxf4 18. Nxc4 Qxc4 19. b3 Qc7 20. Na4 Bxa4 21. bxa4
Ne5 22. a5 Rdg8 23. Rb1 Nxf3 24. Rxf3 Kd7 25. Rfb3 Rb8 26. Ba7 Qxc2 1-0

[Event "C.to Provinciale VR"]
[Site "Zevio ITA"]
[Date "2014.01.19"]
[Round "2"]
[White "Morandini, Alessandro"]
[Black "Tencheni, Maurizio"]
[WhiteElo "1307"]
[BlackElo "1684"]
[Result "0-1"]
[PlyCount "74"]
[EventDate "2014.01.18"]

1. d4 b6 2. Nf3 Bb7 3. e3 e6 4. Bd3 f5 5. Nbd2 Nf6 6. Qe2 d5 7. Ne5 Bd6 8. f4
Nbd7 9. Ndf3 Bxe5 10. Nxe5 Nxe5 11. fxe5 Ne4 12. Bxe4 dxe4 13. O-O Qe7 14. a3
a5 15. Bd2 O-O 16. b4 axb4 17. axb4 g6 18. c4 c5 19. dxc5 bxc5 20. b5 Rfd8 21.
Rfd1 Qd7 22. Ba5 Rxa5 23. Rxd7 Rxa1+ 24. Kf2 Rxd7 25. Qb2 Rdd1 26. b6 Rab1 27.
Qc2 Bc6 28. Qa2 Rxb6 29. Qa7 Rdb1 30. Qc7 R1b2+ 31. Kg3 f4+ 32. Kh3 Ba4 33.
Qd8+ Kf7 34. Qc7+ Ke8 35. Qc8+ Ke7 36. Qc7+ Bd7 37. Qxc5+ Ke8 0-1

[Event "C.to Provinciale VR"]
[Site "Zevio ITA"]
[Date "2014.01.19"]
[Round "2"]
[White "Paoli, Walter"]
[Black "Adami, Antonio"]
[WhiteElo "1999"]
[BlackElo "1730"]
[Result "1/2-1/2"]
[PlyCount "117"]
[EventDate "2014.01.18"]

1. e4 Nf6 2. Nc3 d5 3. e5 Ne4 4. Nxe4 dxe4 5. d4 exd3 6. Bxd3 Nc6 7. Nf3 g6 8.
O-O Bg7 9. Bf4 O-O 10. h3 Nd4 11. c3 Ne6 12. Bg3 Bh6 13. Qe2 c6 14. Bc4 Qb6 15.
Rad1 a5 16. Nd4 c5 17. Nb5 Rd8 18. Rxd8+ Nxd8 19. Rd1 Be6 20. a4 Qc6 21. Bh4
Kf8 22. Bg3 b6 23. b3 Bxc4 24. Qxc4 Ne6 25. Qh4 Bg7 26. Qxh7 Qe4 27. Qh4 Qxh4
28. Bxh4 Bxe5 29. Rd7 f6 30. Bg3 Bxg3 31. fxg3 Rb8 32. Na7 Ke8 33. Rd3 Rd8 34.
Rxd8+ Kxd8 35. Kf2 Kd7 36. Ke3 Nc7 37. h4 e6 38. g4 Nd5+ 39. Kd2 f5 40. gxf5
exf5 41. g3 Nf6 42. Ke3 Ne4 43. Kf4 Nxc3 44. Kg5 Ne4+ 45. Kxg6 Nxg3 46. h5 f4
47. h6 f3 48. h7 f2 49. h8=Q f1=Q 50. Qc8+ Ke7 51. Qc7+ Ke8 52. Qc8+ Ke7 53.
Qc7+ Ke8 54. Qe5+ Kf8 55. Qh8+ Ke7 56. Nc8+ Kd7 57. Nxb6+ Kc6 58. Qc8+ Kxb6 59.
Qb8+ 1/2-1/2

[Event "C.to Provinciale VR"]
[Site "Zevio ITA"]
[Date "2014.01.19"]
[Round "2"]
[White "Pisani, Valerio"]
[Black "Kurylovich, Alena"]
[WhiteElo "1725"]
[BlackElo "1615"]
[Result "0-1"]
[PlyCount "56"]
[EventDate "2014.01.18"]

1. e4 c5 2. c4 e6 3. Nc3 Nc6 4. g3 Nf6 5. Bg2 Be7 6. Nge2 Ne5 7. d3 O-O 8. O-O
a6 9. h3 d6 10. f4 Nc6 11. g4 Nd4 12. Nxd4 cxd4 13. Ne2 e5 14. f5 Nd7 15. Ng3
Bh4 16. Qf3 f6 17. Kh2 b5 18. b3 bxc4 19. bxc4 Nc5 20. Bd2 Bd7 21. Ne2 Rb8 22.
Rfb1 Ba4 23. Rc1 Rb2 24. Be1 Bg5 25. h4 Bxc1 26. Rxc1 Rxa2 27. Ng3 Qb6 28. Ne2
Qb2 0-1

[Event "C.to Provinciale VR"]
[Site "Zevio ITA"]
[Date "2014.01.19"]
[Round "2"]
[White "Rizzati, Aldo"]
[Black "Luciani, Valerio"]
[WhiteElo "1908"]
[BlackElo "2229"]
[Result "0-1"]
[PlyCount "120"]
[EventDate "2014.01.18"]

1. d4 d5 2. c4 e6 3. Nf3 Nf6 4. Nc3 c5 5. e3 Nc6 6. Be2 dxc4 7. Bxc4 a6 8. O-O
b5 9. Bb3 Bb7 10. Re1 Be7 11. d5 exd5 12. Nxd5 Nxd5 13. Bxd5 O-O 14. e4 Qc7 15.
a3 Rad8 16. Qc2 c4 17. Be3 Bf6 18. Rad1 Rfe8 19. Ng5 Ne5 20. Nh3 Bxd5 21. exd5
Qb7 22. Nf4 g6 23. h3 Bg7 24. Bd4 Nf3+ 25. gxf3 Rxe1+ 26. Rxe1 Bxd4 27. Rd1 Be5
28. Qd2 Qe7 29. Ng2 Qf6 30. f4 Bxb2 31. Qb4 Bd4 32. Re1 Bc3 33. Qe7 Qxe7 34.
Rxe7 Rxd5 35. Ne3 Rc5 36. Kf1 a5 37. Re4 Bd2 38. Nc2 b4 39. Ke2 Bc3 40. axb4
Bxb4 41. Re8+ Kg7 42. Rb8 c3 43. Rb6 Rh5 44. Nxb4 axb4 45. Rxb4 Rc5 46. Kd1 c2+
47. Kc1 Rc3 48. Re4 Kf6 49. Ra4 Rxh3 50. Kxc2 Rf3 51. Kd2 Rxf2+ 52. Ke3 Rf1 53.
Ke2 Rb1 54. Kf3 h5 55. Ra6+ Kg7 56. Ra7 Rb3+ 57. Ke4 h4 58. Ra2 f5+ 59. Ke5
Re3+ 60. Kd5 Re4 0-1

[Event "C.to Provinciale VR"]
[Site "Zevio ITA"]
[Date "2014.01.19"]
[Round "3"]
[White "Adami, Antonio"]
[Black "Dalla Vecchia, Paolo"]
[WhiteElo "1730"]
[BlackElo "1884"]
[Result "0-1"]
[PlyCount "136"]
[EventDate "2014.01.18"]

1. e4 e6 2. d4 d5 3. exd5 exd5 4. Bd3 Bd6 5. Qf3 c6 6. Ne2 h6 7. Bf4 Nf6 8. h3
Bxf4 9. Qxf4 O-O 10. Nd2 Qb6 11. b3 Na6 12. a3 Qa5 13. O-O Nh5 14. Qe3 f5 15.
b4 Qc7 16. Qf3 g6 17. Ng3 Nf4 18. Rfe1 Nxd3 19. Qxd3 Kg7 20. Re5 f4 21. Rae1
fxg3 22. Re7+ Rf7 23. Rxc7 gxf2+ 24. Kf1 fxe1=Q+ 25. Kxe1 Nxc7 26. Nf3 Bf5 27.
Qd2 Nb5 28. Ne5 Re7 29. a4 Nxd4 30. Qxd4 Rae8 31. Qxa7 Rxe5+ 32. Kf2 R8e7 33.
Qd4 Kf7 34. c4 Re2+ 35. Kg1 R2e4 36. Qh8 Rxc4 37. Qxh6 Rxb4 38. Qh7+ Ke8 39.
Qh8+ Kd7 40. Qb8 Rb1+ 41. Kh2 Rb2 42. a5 Ree2 43. Kg3 Rxg2+ 44. Kf4 Bxh3 45. a6
Rg4+ 46. Ke5 Re2+ 47. Kf6 Re6+ 48. Kg7 bxa6 49. Qa7+ Kd6 50. Qb8+ Kc5 51. Qa7+
Kb5 52. Qb7+ Ka5 53. Qc7+ Kb4 54. Qb6+ Kc3 55. Qc5+ Kd2 56. Qa5+ Ke2 57. Qxa6+
Kf2 58. Qb6+ Kg3 59. Qc7+ Rf4 60. Qd8 Ref6 61. Qb6 Kh4 62. Qd8 Kg5 63. Qe7 Kh5
64. Qe5+ R6f5 65. Qe2+ Rf3 66. Qd1 Rf7+ 67. Kg8 Kh6 68. Qd2+ R3f4 0-1

[Event "C.to Provinciale VR"]
[Site "Zevio ITA"]
[Date "2014.01.19"]
[Round "3"]
[White "Antolini, Aldo"]
[Black "Rizzati, Aldo"]
[WhiteElo "1737"]
[BlackElo "1908"]
[Result "0-1"]
[PlyCount "76"]
[EventDate "2014.01.18"]

1. d4 d5 2. Nf3 Nf6 3. c4 e6 4. e3 c5 5. Nc3 Nc6 6. Be2 Be7 7. O-O O-O 8. b3 b6
9. Bb2 Bb7 10. cxd5 exd5 11. Rc1 Rc8 12. Na4 Ne4 13. dxc5 bxc5 14. Bd3 Nb4 15.
Bb1 Bf6 16. Bxf6 Qxf6 17. a3 Na6 18. Bd3 Rfd8 19. Qe2 Nb8 20. Bb5 d4 21. Bd3
Nd7 22. exd4 Re8 23. Qd1 cxd4 24. Rxc8 Rxc8 25. Bxe4 Bxe4 26. Qxd4 Qc6 27. Qe3
h6 28. Re1 Nf6 29. h3 Re8 30. Qc3 Qa8 31. Nc5 Rc8 32. b4 Bc6 33. Nh4 Nd5 34.
Qg3 Kh7 35. Nf5 g6 36. Ne7 Re8 37. Qh4 Qd8 38. Qf6 Nxf6 0-1

[Event "C.to Provinciale VR"]
[Site "Zevio ITA"]
[Date "2014.01.19"]
[Round "3"]
[White "Bartiromo, Gerardo"]
[Black "Contarini, Roberto"]
[WhiteElo "1676"]
[BlackElo "1440"]
[Result "1-0"]
[PlyCount "69"]
[EventDate "2014.01.18"]

1. e4 c5 2. f4 e6 3. Nf3 Nc6 4. c3 Nf6 5. e5 Nd5 6. d3 a6 7. Be2 d6 8. O-O Nde7
9. Be3 Nf5 10. Bf2 d5 11. g4 Nfe7 12. Bxc5 g6 13. Bf2 Bd7 14. Nbd2 Bg7 15. d4
O-O 16. Rc1 b5 17. Nb3 Na5 18. Nc5 Bc6 19. Ng5 Qc8 20. Bh4 Re8 21. Rf3 Nb7 22.
Nd3 Qd7 23. Qd2 f5 24. exf6 Bxf6 25. Ne5 Bxe5 26. fxe5 Rf8 27. Rcf1 h6 28. Nh3
Kg7 29. Qe1 Ng8 30. g5 h5 31. Nf4 Ne7 32. Rh3 Nf5 33. Bd3 Qf7 34. Qb1 Na5 35.
Nxh5+ 1-0

[Event "C.to Provinciale VR"]
[Site "Zevio ITA"]
[Date "2014.01.19"]
[Round "3"]
[White "Bonini, Roberto"]
[Black "Tencheni, Maurizio"]
[WhiteElo "1872"]
[BlackElo "1684"]
[Result "0-1"]
[PlyCount "128"]
[EventDate "2014.01.18"]

1. e4 b6 2. d4 Bb7 3. Nc3 e6 4. Bd3 Nc6 5. Be3 Nb4 6. Nge2 Nxd3+ 7. cxd3 Nf6 8.
h3 d5 9. f3 Be7 10. Qa4+ Nd7 11. O-O O-O 12. Rac1 c5 13. e5 cxd4 14. Bxd4 Nc5
15. Bxc5 Bxc5+ 16. d4 Be7 17. Nb5 a5 18. a3 Ba6 19. Nec3 f6 20. f4 Qd7 21. Qb3
Rac8 22. f5 fxe5 23. fxe6 Rxf1+ 24. Rxf1 Qxe6 25. Nxd5 Kh8 26. Re1 Bf6 27. a4
Bb7 28. Nbc3 Rxc3 29. Qxc3 Qxd5 30. Qd2 Kg8 31. Re2 Bc6 32. dxe5 Qxd2 33. Rxd2
Bxe5 34. b3 Kf7 35. Kf2 Ke6 36. Ke3 Bf6 37. Kd3 Bd5 38. Re2+ Be5 39. Kc2 Kd6
40. g4 h6 41. Re3 Bf6 42. Rd3 Kc5 43. Rg3 Kb4 44. Re3 Bf7 45. Re4+ Ka3 46. Re3
Bg6+ 47. Kd1 Kb2 48. Re6 Kxb3 49. Rxb6+ Kxa4 50. Ke2 Be4 51. Re6 Bg2 52. Re3
Bd5 53. Kd1 Bb3+ 54. Ke2 Ka3 55. Kd3 a4 56. Re2 Bb2 57. h4 Ka2 58. h5 Kb1 59.
Kd2 Bc1+ 60. Kc3 Bd1 61. Re4 Bb2+ 62. Kd2 a3 63. Re1 Bc1+ 64. Kxd1 a2 0-1

[Event "C.to Provinciale VR"]
[Site "Zevio ITA"]
[Date "2014.01.19"]
[Round "3"]
[White "Caldonazzo, Matteo"]
[Black "Curto, Carlo Alberto"]
[WhiteElo "1940"]
[BlackElo "1657"]
[Result "1/2-1/2"]
[PlyCount "87"]
[EventDate "2014.01.18"]

1. Nf3 d5 2. d4 Nf6 3. e3 e6 4. Bd3 c5 5. b3 Nc6 6. O-O cxd4 7. exd4 g6 8. Nbd2
Bg7 9. a3 O-O 10. Bb2 Re8 11. Qe2 Bd7 12. Ne5 Rc8 13. f4 Qb6 14. Ndf3 Re7 15.
g4 Be8 16. Qf2 Nd7 17. Nxd7 Bxd7 18. Ne5 Be8 19. Kh1 Nxe5 20. fxe5 Bb5 21. Qe2
Bxd3 22. Qxd3 Rec7 23. Rf2 Bxe5 24. Raf1 Bg7 25. h4 f5 26. h5 Bh6 27. Rg2 Qa6
28. Qxa6 bxa6 29. hxg6 Rxc2 30. gxh7+ Kxh7 31. gxf5 Rxg2 32. Kxg2 Rc2+ 33. Rf2
Rxf2+ 34. Kxf2 exf5 35. Kf3 Kg6 36. Bc3 Bg7 37. Kf4 Kf6 38. Bb4 Ke6 39. Bc5
Bh6+ 40. Kf3 Kd7 41. Bxa7 Kc6 42. a4 Bd2 43. Bc5 a5 44. Be7 1/2-1/2

[Event "C.to Provinciale VR"]
[Site "Zevio ITA"]
[Date "2014.01.19"]
[Round "3"]
[White "Cantore, Michele"]
[Black "Jirillo, Antonio"]
[WhiteElo "1440"]
[BlackElo "1609"]
[Result "1-0"]
[PlyCount "59"]
[EventDate "2014.01.18"]

1. e4 d6 2. d4 Nd7 3. Nc3 c6 4. f4 e5 5. Nf3 exd4 6. Qxd4 Ngf6 7. Bd3 Nc5 8.
O-O Bg4 9. Bd2 Bxf3 10. Rxf3 Ng4 11. Re1 Nxd3 12. Qxd3 Qh4 13. h3 Nh6 14. e5
O-O-O 15. e6 fxe6 16. Rxe6 d5 17. Qe2 Bc5+ 18. Kh1 Nf5 19. Be1 Qh5 20. g4 Qf7
21. gxf5 Rhf8 22. Bf2 Bd6 23. Bxa7 Qxf5 24. Rxd6 Rde8 25. Re3 Kc7 26. Bc5 Rxe3
27. Qxe3 Rf7 28. Re6 Rd7 29. Bb6+ Kc8 30. Re8+ 1-0

[Event "C.to Provinciale VR"]
[Site "Zevio ITA"]
[Date "2014.01.19"]
[Round "3"]
[White "Cordioli, Luca"]
[Black "Kurylovich, Alena"]
[WhiteElo "1738"]
[BlackElo "1615"]
[Result "0-1"]
[PlyCount "64"]
[EventDate "2014.01.18"]

1. e4 c5 2. Nf3 e6 3. d4 cxd4 4. Nxd4 Nf6 5. Bd3 a6 6. O-O d6 7. Nc3 Be7 8. Be3
O-O 9. a4 Bd7 10. Nb3 Bc6 11. f4 Nbd7 12. Nd4 Qb6 13. Nf5 Qd8 14. Nxe7+ Qxe7
15. Qe1 Nc5 16. Bxc5 dxc5 17. e5 Nd5 18. Nxd5 Bxd5 19. Qg3 c4 20. f5 cxd3 21.
f6 Qc5+ 22. Kh1 g6 23. Qg5 Kh8 24. Qh6 Rg8 25. Rf4 Qf8 26. Qh3 h5 27. Rh4 Qh6
28. cxd3 Qg5 29. d4 Rac8 30. Kg1 Rc2 31. g4 Rg2+ 32. Kf1 Qf4+ 0-1

[Event "C.to Provinciale VR"]
[Site "Zevio ITA"]
[Date "2014.01.19"]
[Round "3"]
[White "De Paoli, Emilio"]
[Black "Della Sala, Bruno"]
[WhiteElo "1816"]
[BlackElo "1959"]
[Result "0-1"]
[PlyCount "78"]
[EventDate "2014.01.18"]

1. e4 e5 2. Nf3 Nc6 3. d4 exd4 4. Nxd4 Nf6 5. Nxc6 bxc6 6. Bg5 Bc5 7. Qf3 Bd4
8. c3 Be5 9. Nd2 h6 10. Bh4 d5 11. O-O-O Bg4 12. Qxg4 Nxg4 13. Bxd8 Rxd8 14.
exd5 Nxf2 15. Re1 O-O 16. Rxe5 Nxh1 17. Bc4 cxd5 18. Bxd5 Nf2 19. Kc2 Ng4 20.
Re4 Nf6 21. Bc6 Nxe4 22. Nxe4 f5 23. Nc5 Rd6 24. Ba4 Kh7 25. b4 g5 26. Kb3 Rd2
27. Bc6 g4 28. b5 f4 29. Be4+ Kh8 30. Ne6 Re8 31. Bf5 Rxe6 32. Bxe6 Rxg2 33. h3
h5 34. a4 f3 35. hxg4 hxg4 36. a5 f2 37. Bc4 Rg1 38. b6 cxb6 39. axb6 axb6 0-1

[Event "C.to Provinciale VR"]
[Site "Zevio ITA"]
[Date "2014.01.19"]
[Round "3"]
[White "Di Tullio, Giuseppe"]
[Black "Morandini, Alessandro"]
[WhiteElo "1440"]
[BlackElo "1307"]
[Result "0-1"]
[PlyCount "68"]
[EventDate "2014.01.18"]

1. d4 b6 2. e4 Bb7 3. Nc3 e6 4. Bd3 Bb4 5. Bd2 Nf6 6. Nf3 Bxc3 7. Bxc3 Nxe4 8.
O-O Nxc3 9. bxc3 d5 10. c4 O-O 11. cxd5 Bxd5 12. c4 Bb7 13. Qc2 g6 14. Be4 Bxe4
15. Qxe4 Nd7 16. Rad1 Re8 17. Qe2 Qe7 18. Rd2 c5 19. d5 exd5 20. Qd1 d4 21. Re1
Qf8 22. Rde2 Rxe2 23. Rxe2 Re8 24. Rxe8 Qxe8 25. Qa4 a5 26. Qc6 Qe6 27. Qc8+
Kg7 28. h3 d3 29. g4 Qd6 30. Qe8 d2 31. Kg2 d1=Q 32. Ng5 Qc6+ 33. Kg3 Qg1+ 34.
Kh4 Qxf2# 0-1

[Event "C.to Provinciale VR"]
[Site "Zevio ITA"]
[Date "2014.01.19"]
[Round "3"]
[White "Faccia, Sergio"]
[Black "Menini, Luca"]
[WhiteElo "2033"]
[BlackElo "1689"]
[Result "1-0"]
[PlyCount "65"]
[EventDate "2014.01.18"]

1. e4 Nf6 2. e5 Nd5 3. Nc3 Nxc3 4. bxc3 d6 5. f4 Bf5 6. Nf3 e6 7. d4 d5 8. Bd3
Bxd3 9. Qxd3 Be7 10. O-O Nd7 11. Rb1 Nb6 12. f5 exf5 13. Qxf5 Qd7 14. Qf4 h6
15. e6 fxe6 16. Ne5 Bd6 17. Nxd7 Bxf4 18. Bxf4 Kxd7 19. Be5 Rhf8 20. Bxg7 Rxf1+
21. Rxf1 Na4 22. Rf3 h5 23. Be5 Re8 24. Kf2 c5 25. dxc5 Nxc5 26. Ke3 Ne4 27. c4
Kc6 28. Rf7 h4 29. Rc7+ Kb6 30. Kd4 a5 31. cxd5 exd5 32. Rg7 Nc3 33. Bc7+ 1-0

[Event "C.to Provinciale VR"]
[Site "Zevio ITA"]
[Date "2014.01.19"]
[Round "3"]
[White "Gallo, Pietro"]
[Black "Cavicchi, Francesco"]
[WhiteElo "1550"]
[BlackElo "1705"]
[Result "1/2-1/2"]
[PlyCount "52"]
[EventDate "2014.01.18"]

1. d4 d5 2. c4 c6 3. Nc3 Nf6 4. Nf3 a6 5. cxd5 cxd5 6. Bf4 Nc6 7. e3 Bf5 8. Bd3
Bg6 9. Bxg6 hxg6 10. Qb3 Na5 11. Qa4+ b5 12. Qd1 e6 13. a3 Bd6 14. Bxd6 Qxd6
15. Ne5 Rc8 16. Rc1 Nc4 17. Nxc4 Rxc4 18. h3 g5 19. g4 Rh4 20. Ke2 Qc7 21. Na2
Rxc1 22. Nxc1 Ne4 23. Nd3 f6 24. Qb3 Qa5 25. Qc2 Kf7 26. Nc5 Nxc5 1/2-1/2

[Event "C.to Provinciale VR"]
[Site "Zevio ITA"]
[Date "2014.01.19"]
[Round "3"]
[White "Giuriato, Sergio"]
[Black "Bertani, Gianfranco"]
[WhiteElo "1936"]
[BlackElo "2071"]
[Result "1-0"]
[PlyCount "99"]
[EventDate "2014.01.18"]

1. d4 d5 2. c4 e6 3. Nc3 f5 4. Nf3 Nf6 5. g3 c6 6. Bg2 Bd6 7. O-O O-O 8. Bf4
Bxf4 9. gxf4 Nbd7 10. Ne5 Ne4 11. e3 Qh4 12. Nxe4 fxe4 13. Qg4 Qxg4 14. Nxg4 b6
15. cxd5 exd5 16. f3 h5 17. Ne5 Nxe5 18. fxe5 exf3 19. Rxf3 Be6 20. Rc1 Rfc8
21. Rf2 Rab8 22. Rfc2 c5 23. Rc3 c4 24. e4 dxe4 25. Bxe4 Rd8 26. Rd1 b5 27. a3
Rbc8 28. Kf2 a5 29. Ke3 b4 30. axb4 axb4 31. Rcc1 c3 32. bxc3 bxc3 33. d5 Bg4
34. Rd4 Rc5 35. Rb4 g5 36. Rb7 Rdc8 37. e6 c2 38. Kd4 Bd1 39. Ke5 g4 40. Bg6
Rd8 41. Bf7+ Kh8 42. e7 Ra8 43. e8=Q+ Rxe8+ 44. Bxe8 h4 45. Ba4 g3 46. hxg3
hxg3 47. Rb3 Rc4 48. Rxg3 Rxa4 49. d6 Rc4 50. d7 1-0

[Event "C.to Provinciale VR"]
[Site "Zevio ITA"]
[Date "2014.01.19"]
[Round "3"]
[White "Luciani, Valerio"]
[Black "Jimchi, Abdelaziz"]
[WhiteElo "2229"]
[BlackElo "1783"]
[Result "1-0"]
[PlyCount "73"]
[EventDate "2014.01.18"]

1. d4 Nf6 2. c4 e6 3. Nc3 Bb4 4. a3 Bxc3+ 5. bxc3 O-O 6. f3 d5 7. cxd5 Nxd5 8.
c4 Nf6 9. e4 h6 10. Be3 b6 11. Bd3 Bb7 12. Ne2 Nbd7 13. Ng3 Qe7 14. O-O c5 15.
d5 exd5 16. cxd5 Rfe8 17. Nf5 Qf8 18. Bf4 Ne5 19. Bb5 Bc8 20. Bxe8 Qxe8 21. Nd6
Qe7 22. Nxc8 Rxc8 23. Bxe5 Qxe5 24. Qd2 Ne8 25. Rfe1 g5 26. g3 Nd6 27. f4 Qg7
28. e5 Nf5 29. Qd3 Nd4 30. Kf2 Qf8 31. f5 Qd8 32. Qe4 Qd7 33. e6 Qe7 34. Rad1
fxe6 35. fxe6 Rf8+ 36. Kg2 Rf6 37. Rxd4 1-0

[Event "C.to Provinciale VR"]
[Site "Zevio ITA"]
[Date "2014.01.19"]
[Round "3"]
[White "Marcori, Mirko"]
[Black "Paoli, Walter"]
[WhiteElo "1752"]
[BlackElo "1999"]
[Result "0-1"]
[PlyCount "140"]
[EventDate "2014.01.18"]

1. Nf3 d5 2. d4 Nf6 3. g3 c6 4. Bg2 Bg4 5. O-O Bxf3 6. Bxf3 e6 7. Nd2 Be7 8. c3
Nbd7 9. e4 O-O 10. e5 Ne8 11. Bg2 f5 12. Nf3 g5 13. h3 Rf7 14. Nh2 Ng7 15. f4
Nf8 16. Bf3 Ng6 17. Bh5 Rf8 18. Kh1 gxf4 19. gxf4 Nxh5 20. Qxh5 Kh8 21. Rg1 Rg8
22. Nf3 Qe8 23. Be3 Qf7 24. Rg2 Nxe5 25. Qxf7 Nxf7 26. Rag1 Rxg2 27. Rxg2 Rg8
28. Ng5 Nd8 29. Nf3 Rxg2 30. Kxg2 Bf6 31. Bf2 Kg7 32. Kg3 Nf7 33. Be3 h6 34.
Ng1 Nd6 35. Ne2 Ne4+ 36. Kg2 b6 37. Kf3 Kf7 38. Nc1 Ke7 39. Nd3 Kd7 40. Ne5+
Bxe5 41. fxe5 h5 42. h4 c5 43. Kf4 cxd4 44. cxd4 Kc6 45. Kf3 Kb5 46. Ke2 Kc4
47. Bg1 a5 48. Ke3 a4 49. Bh2 b5 50. Bf4 a3 51. bxa3 Nc3 52. Bh6 Nxa2 53. Bf8
b4 54. axb4 Nxb4 55. Kf4 Nc2 56. Kg5 Nxd4 57. Kxh5 Nf3 58. Kg6 Nxh4+ 59. Kf6 f4
60. Bh6 f3 61. Be3 Ng2 62. Bf2 Nf4 63. Be3 d4 64. Bxf4 f2 65. Kxe6 f1=Q 66. Bg5
Qh3+ 67. Kd6 Qf5 68. Bc1 Qf8+ 69. Kd7 Qf7+ 70. Kc8 Qe6+ 0-1

[Event "C.to Provinciale VR"]
[Site "Zevio ITA"]
[Date "2014.01.19"]
[Round "3"]
[White "Negro, Raffaele"]
[Black "Gneo, Marco"]
[WhiteElo "1802"]
[BlackElo "1775"]
[Result "0-1"]
[PlyCount "48"]
[EventDate "2014.01.18"]

1. d4 Nf6 2. Bf4 e6 3. Nf3 d5 4. e3 Be7 5. h3 O-O 6. Bd3 Nbd7 7. Nbd2 c5 8. c3
b6 9. Ne5 Bb7 10. Qf3 c4 11. Bc2 b5 12. g4 Nxe5 13. dxe5 Nd7 14. g5 Nc5 15. Rg1
d4 16. Bxh7+ Kxh7 17. Qh5+ Kg8 18. cxd4 Nd3+ 19. Kf1 Nxf4 20. exf4 Qxd4 21. Rg4
Qd3+ 22. Kg1 Qg6 23. Qh4 Rfd8 24. Nf1 Qe4 0-1

[Event "C.to Provinciale VR"]
[Site "Zevio ITA"]
[Date "2014.01.19"]
[Round "3"]
[White "Negro, Roberto"]
[Black "Cacco, Christian"]
[WhiteElo "2169"]
[BlackElo "2332"]
[Result "0-1"]
[PlyCount "98"]
[EventDate "2014.01.18"]

1. c4 e5 2. g3 Nf6 3. Bg2 Nc6 4. Nc3 Bb4 5. Nd5 Nxd5 6. cxd5 Ne7 7. Nf3 f6 8.
e4 a5 9. O-O c6 10. a3 Bd6 11. d4 exd4 12. Nxd4 O-O 13. Be3 a4 14. Nf5 Nxf5 15.
exf5 c5 16. Re1 b6 17. Qg4 Bb7 18. Rac1 Rf7 19. Qh4 Qf8 20. Bf4 b5 21. Bf3 Re7
22. Kg2 Rxe1 23. Rxe1 Rd8 24. h3 Bxf4 25. Qxf4 d6 26. Re6 Bc8 27. Re3 Qf7 28.
g4 h6 29. Qe4 Bd7 30. Qf4 Qf8 31. Kg3 Re8 32. Rxe8 Bxe8 33. Be4 Qe7 34. f3 Kf8
35. h4 Bf7 36. Kh3 Be8 37. Qd2 Qe5 38. Kg2 Bd7 39. Kh3 Ke7 40. h5 Qd4 41. Qxd4
cxd4 42. Kg3 Kd8 43. Kf4 Kc7 44. Bb1 Kb6 45. Ke4 Kc5 46. Ba2 b4 47. axb4+ Kxb4
48. Kxd4 Bb5 49. Ke3 Bc4 0-1

[Event "C.to Provinciale VR"]
[Site "Zevio ITA"]
[Date "2014.01.19"]
[Round "3"]
[White "Oppici, Gabriele"]
[Black "Fiscato, Claudio"]
[WhiteElo "1977"]
[BlackElo "1768"]
[Result "1-0"]
[PlyCount "89"]
[EventDate "2014.01.18"]

1. d4 b6 2. Nf3 Bb7 3. Bf4 e6 4. e3 Nf6 5. Bd3 Be7 6. h3 d5 7. Nbd2 Nbd7 8. a4
a5 9. Qe2 Ne4 10. Bb5 O-O 11. O-O f6 12. Ne1 Nxd2 13. Qxd2 c6 14. Be2 g5 15.
Bh2 Kh8 16. Nd3 Ba6 17. f4 Bxd3 18. Bxd3 f5 19. Qe2 Qe8 20. c4 Rg8 21. fxg5
Rxg5 22. cxd5 cxd5 23. Bb5 Qd8 24. Bxd7 Qxd7 25. Be5+ Kg8 26. Qb5 Qxb5 27. axb5
Bd8 28. Rfc1 Kf7 29. Bc7 Rg8 30. Bxd8 Raxd8 31. Rc7+ Kf6 32. Rac1 Rg7 33. Rxg7
Kxg7 34. Rc6 Kf6 35. Kf2 Rb8 36. Kf3 h6 37. g4 fxg4+ 38. hxg4 Rb7 39. e4 dxe4+
40. Kxe4 Kf7 41. d5 exd5+ 42. Kxd5 Kg7 43. Kd6 Kf6 44. Rc7 Rb8 45. Kc6 1-0

[Event "C.to Provinciale VR"]
[Site "Zevio ITA"]
[Date "2014.01.19"]
[Round "3"]
[White "Pisani, Valerio"]
[Black "Leone, Cataldo"]
[WhiteElo "1725"]
[BlackElo "1619"]
[Result "1-0"]
[PlyCount "37"]
[EventDate "2014.01.18"]

1. e4 e5 2. Nf3 Nc6 3. Bb5 d6 4. Bxc6+ bxc6 5. h3 Ba6 6. d3 Nf6 7. Nc3 Be7 8.
O-O h6 9. Ne2 O-O 10. Ng3 Bc8 11. Be3 Be6 12. Qe2 Nd7 13. d4 Nb6 14. b3 f6 15.
Rad1 Qc8 16. Kh2 a5 17. Nh4 a4 18. Ngf5 Qe8 19. Qg4 1-0